LEADER 00983nam a2200229 i 4500 001 000000160888 003 CaOOAMICUS 005 20070419000000.0 008 070419s1963 it u000 u ita u 013 $a138251 040 $aSeMil$bita 245 10$aD'annunzio /$ca cura di Ettore Mazzali. Testi delle poesie e dei brani di prosa di Gabriele D'annunzio incisi sul disco : copia fuori commercio. 260 $aMilano :$bNuova accademia editrice,$ccopyr. 1963. 300 $a166, 28 p. ;$c18 cm. 490 0 $aLa letteratura italiana 500 $aContiene : Nota bibliografica. 700 1 $aMazzali, Ettore,$d<1914-1993>.$0(OLS)http://semarc/name/2235 830 3$aLa letteratura italiana.$0(OLS)http://semarc/title/23332 850 $aSeMil 852 $aSeMil$W1$xVenegono$y1$m1C I 123$j112333$B112333$CSeMilBibl$Z2$F122504 $81 996 $6245$aD'annunzio$9(OLS)http://semarc/title/143734 996 $6260$aMilano :$bNuova accademia editrice$9(OLS)http://semarc/publisher/31675 LEADER 00843nam a2200193 i 4500 001 000000030048 003 CaOOAMICUS 005 20180830125448.0 008 180830s1852 it u000 u ita u 040 $aSeMil$bita 100 1 $aAmari, Michele,$d<1806-1889>.$0(OLS)http://semarc/name/89658 245 13$aLa guerra del Vespro siciliano, o Un periodo delle istorie siciliane del secolo 13. /$c[Michele Amari]. 260 $aLugano :$bA spese dell'editore,$c1852. 300 $a2 v. ;$c18 cm. 650 4$aSicilia - Storia - Sec. 13.$0(OLS)http://semarc/subject/25856 774 0 $tVol. 1.$g1$w()43916 774 0 $tVol. 2.$g2$w()253151 996 $6245$aLa guerra del Vespro siciliano, o Un periodo delle istorie siciliane del secolo 13.$9(OLS)http://semarc/title/401952 996 $6260$aLugano :$bA spese dell'editore$9(OLS)http://semarc/publisher/56145